Bài giảng hóa sinh

Nội dung bài giảng cung cấp những kiến thức về lĩnh vực hóa sinh như đặc tính, vai trò sinh học của protein, xacarit, lipit, enzim. Ngoài ra, giáo trình còn đề cập đến các khái niệm chung về sự trao đổi chất và trao đổi năng lượng. Mối liên he...

Cijeli opis

Spremljeno u:
Bibliografski detalji
Glavni autor: Nguyễn, Thị Hồng Vân
Format: Knjiga
Jezik:Undetermined
Izdano: Cần Thơ Trường Đại học Cần Thơ 2000
Teme:
Oznake: Dodaj oznaku
Bez oznaka, Budi prvi tko označuje ovaj zapis!
Thư viện lưu trữ: Trung tâm Học liệu Trường Đại học Cần Thơ
LEADER 01010nam a2200193Ia 4500
001 CTU_43803
008 210402s9999 xx 000 0 und d
082 |a 572.07 
082 |b V121 
100 |a Nguyễn, Thị Hồng Vân 
245 0 |a Bài giảng hóa sinh 
245 0 |c Nguyễn Thị Hồng Vân 
260 |a Cần Thơ 
260 |b Trường Đại học Cần Thơ 
260 |c 2000 
520 |a Nội dung bài giảng cung cấp những kiến thức về lĩnh vực hóa sinh như đặc tính, vai trò sinh học của protein, xacarit, lipit, enzim. Ngoài ra, giáo trình còn đề cập đến các khái niệm chung về sự trao đổi chất và trao đổi năng lượng. Mối liên hệ giữa các quá trình trao đổi xacarit, lipit, protein và axit nucleic. 
650 |a Biochemistry 
904 |i Thùy Trang (sửa) 
980 |a Trung tâm Học liệu Trường Đại học Cần Thơ